Forjando la nación peruana : (Registro nro. 5078)
[ vista simple ]
| 000 -LEADER | |
|---|---|
| fixed length control field | 02019nam a22003137a 4500 |
| 003 - CONTROL NUMBER IDENTIFIER | |
| control field | PE SENCICO BE |
| 005 - DATE AND TIME OF LATEST TRANSACTION | |
| control field | 20251020182711.0 |
| 008 - FIXED-LENGTH DATA ELEMENTS--GENERAL INFORMATION | |
| fixed length control field | 250127b |||||||| |||| 00| 0 eng d |
| 020 ## - INTERNATIONAL STANDARD BOOK NUMBER | |
| International Standard Book Number | 978-9972-837-38-8 |
| 040 ## - CATALOGING SOURCE | |
| Original cataloging agency | PE SENCICO BE |
| Transcribing agency | PE SENCICO BE |
| 041 ## - LANGUAGE CODE | |
| Language code of text/sound track or separate title | spa |
| 245 1# - TITLE STATEMENT | |
| Title | Forjando la nación peruana : |
| Remainder of title | el incaísmo y los idearios políticos de la República en los siglos XVIII-XX / |
| Statement of responsibility, etc. | Ramón Mujica Pinilla, Roberto Amigo, Gustavo Buntinx, ... [y otros] |
| 250 ## - EDITION STATEMENT | |
| Edition statement | [1a ed.] |
| 260 ## - PUBLICATION, DISTRIBUTION, ETC. | |
| Place of publication, distribution, etc. | Lima : |
| Name of publisher, distributor, etc. | Banco de Crédito del Perú ; |
| Date of publication, distribution, etc. | 2021 |
| 300 ## - PHYSICAL DESCRIPTION | |
| Extent | xxi, 321 páginas ; |
| Other physical details | ilustraciones a color, láminas ; |
| Dimensions | 30 cm. |
| 440 ## - SERIES STATEMENT/ADDED ENTRY--TITLE | |
| 9 (RLIN) | 720 |
| Title | Colección arte y tesoros del Perú |
| 505 0# - FORMATTED CONTENTS NOTE | |
| Formatted contents note | La independencia del Perú: de la monarquía incásica a la república liberal -- De la esfera a los dos planetas: las Indias como planeta alternaivo desde la colonia a la independencia -- El sol de la ilustración y el espejo del inca en la imaginación ilustrada -- Artífices de la libertad: los pintores afroperuanos entre la independencia y la república -- Naturalistas y patriotas: imaginarios incaístas y cristianos en la construcción de la nación -- Patria, república y el camino a un inasible futuro promisorio -- La "estupenda catástrofe": los funerales de Atahualpa de Luis Montero -- Ruinas para edificar la nación: investigación y patrimonio arqueológico en el Perú del siglo XIX -- La representación de la nobleza incaica en el teatro sobre la independencia del Perú -- "Coloquio en Sacsayhuamán". Juan Manuel Figueroa y el avatar inkaico en el travestismo cultural cusqueño |
| 650 10 - SUBJECT ADDED ENTRY--TOPICAL TERM | |
| 9 (RLIN) | 1480 |
| Topical term or geographic name entry element | Incas |
| 650 20 - SUBJECT ADDED ENTRY--TOPICAL TERM | |
| 9 (RLIN) | 682 |
| Topical term or geographic name entry element | Pintores |
| 650 20 - SUBJECT ADDED ENTRY--TOPICAL TERM | |
| 9 (RLIN) | 707 |
| Topical term or geographic name entry element | Historia |
| 650 20 - SUBJECT ADDED ENTRY--TOPICAL TERM | |
| 9 (RLIN) | 1366 |
| Topical term or geographic name entry element | Época prehispánica |
| 650 20 - SUBJECT ADDED ENTRY--TOPICAL TERM | |
| 9 (RLIN) | 2881 |
| Topical term or geographic name entry element | Época de la Emancipación, 1808-1824 |
| 651 #0 - SUBJECT ADDED ENTRY--GEOGRAPHIC NAME | |
| 9 (RLIN) | 661 |
| Geographic name | Perú |
| 700 1# - ADDED ENTRY--PERSONAL NAME | |
| 9 (RLIN) | 2884 |
| Personal name | Mujica Pinilla, Ramón |
| Relator term | autor |
| 700 1# - ADDED ENTRY--PERSONAL NAME | |
| 9 (RLIN) | 2882 |
| Personal name | Amigo, Roberto |
| Relator term | autor |
| 700 1# - ADDED ENTRY--PERSONAL NAME | |
| 9 (RLIN) | 2883 |
| Personal name | Buntinx, Gustavo |
| Relator term | autor |
| 910 ## - USER-OPTION DATA (OCLC) | |
| User-option data | hfp |
| -- | hfp |
| -- | hfp |
| 942 ## - ADDED ENTRY ELEMENTS (KOHA) | |
| Source of classification or shelving scheme | Dewey Decimal Classification |
| Koha item type | Libros |
| Fecha de la última vez que lo usaron | Pago total | Signatura topográfica completa | Código de barras | Precio efectivo desde | Tipo de documento | Estado perdido | Sistema de clasificación | Estado dañado | No es para préstamo | Retirado | Ubicación permanente | Ubicación actual | Fecha de adquisición | Fuente de adquisición |
|---|---|---|---|---|---|---|---|---|---|---|---|---|---|---|
| 27/01/2025 | 985.04/F | BibLima25010053 | 27/01/2025 | Libros | Dewey Decimal Classification | Biblioteca Central Lima | Biblioteca Central Lima | 18/11/2024 | Comprado de la librería Megabook |